|
|
|
|
| LEADER |
00000nkmaa2200000 a 4500 |
| 001 |
vtls011833369 |
| 003 |
SK-MaSNL |
| 005 |
20260331211718.0 |
| 007 |
kh bo |
| 008 |
251016s1955 xo | |||0 k|slo |
| 035 |
|
|
|a urn:nbn:sk:snk-km00ejro
|
| 035 |
|
|
|a urn:nbn:sk:snk-km45vqt
|
| 035 |
|
|
|a 811A1ACF-EC04-4F5C-B05E-1B2738D37133
|
| 040 |
|
|
|a SNKLA
|b slo
|c SNKLA
|e AACR2
|
| 041 |
0 |
|
|a slo
|
| 044 |
|
|
|a xo
|c SK
|
| 100 |
1 |
|
|a Jiríček, Ferdinand
|4 pht
|9 279446
|
| 245 |
1 |
0 |
|a [Kalinčiak, Ján - tvorba: Bratrova ruka a Páni z Bozkovic]
|h grafika
|
| 260 |
|
|
|a [S.l.
|b s.n.]
|c 1955
|
| 300 |
|
|
|a 1 fotografia
|b čb
|c 18 x 13 cm
|
| 520 |
2 |
|
|a Zobrazenie: Reprodukcia titulnej strany diel Jána Kalinčiaka Bratrova ruka a Páni z Bozkovic vydaných v Brne, nákladom Frant. Slámu v roku 1899.
|
| 600 |
1 |
7 |
|a Kalinčiak, Ján,
|d 1822-1871
|2 SNKMA
|9 103729
|
| 655 |
|
7 |
|a fotografie
|2 SNKPH
|9 70713
|
| 710 |
2 |
|
|a Matica slovenská
|4 pht
|9 14662
|
| 852 |
7 |
|
|a Slovenská národná knižnica
|b Literárny archív
|
| 958 |
|
|
|a ZO
|
| 958 |
|
|
|a BLA
|
| 999 |
|
|
|c 778840
|d 780770
|
| 952 |
|
|
|a SNKLA
|b SNKLA
|c SNKLA_DEP
|y NEVYP
|7 0
|p 17A1227511
|o snkK 8/23
|i snkLA 4519/1955
|0 0
|1 0
|4 0
|d 2019-01-10
|f 1
|l 0
|r 2026-02-24 00:57:29
|w 2026-02-24
|